Clic 3 : llengua i literatura : educació primària : segon cicle

Saved in:
Bibliographic Details
Main Author: Canal i Santos, Imma
Other Authors: Vilardell i Moyà, R. Serra Carol, Teresa
Format: Book
Language:Catalan
Published: [Barcelona] : Vicens Vives, 1999
Textbook Catalogue:MANES:  Library Catalog Search Result
Textbook Classification:
Tags: Add Tag
No Tags, Be the first to tag this record!
Added to:2003-09-28
Changed in:2025-05-07

MARC

LEADER 00000nam a2200000 a 4500
001 .b2502240
003 ES-BaCBU
005 20250507130129.0
008 030929s1999 spca b|l 000 ||cat|c
017 |a DL B. 36245-1999 (Llibre de text)  |a DL B. 12631-2000 (Guia) 
020 |a 8431650699 (Llibre de text)  |a 8431655437 (Guia) 
035 |a 8431650699  |9 ES-BaUB001  |a 0778-57360  |9 ES-BaUB035 
040 |a ES-BaCBU  |b cat  |c ES-BaCBU  |d ES-BaUB 
100 1 |a Canal i Santos, Imma  |9 32207 
245 1 0 |a Clic 3 :  |b llengua i literatura : educació primària : segon cicle /  |c Imma Canal, Teresa Serra, Rosa Vilardell 
260 |a [Barcelona] :  |b Vicens Vives,  |c 1999 
300 |a vol. (203 p. ; 252 p.):  |b il. col.;  |c 29 cm 
505 8 |a Conté: Llibre de text ; Guia 
546 |a España 
561 |5 es-CRAI  |3 p1 TX EP 3/3 VIC  |a España. Biblioteca Universitat de Barcelona  |k MANES 
690 0 |a LEN 
691 0 |a PRI 
700 1 |a Vilardell i Moyà, R.  |q (Rosa)  |9 32528  |a Serra Carol, Teresa  |9 32209 
856 |y Registro en Cercabib - CRAI 
942 |2 ddc  |c BK 
999 |c 89481  |d 89481 
999 |c manes:89481  |d 89481